000 01021cab a2200313 4500
001 ABS51792
008 090401t1994 xxu||||| |||| 00| 0 eng d
035 _a(Sirsi) u44172
041 _aeng
245 _aDenmark
260 _c1994
350 _a0
490 _aEstates Europe
_v3(6) November 1994, 8-15(7)
520 _aCarries market information on rental levels, vacancy rates and yields. Also reports on a bridge across the Oresund strait and Copenhagen`s Finger Plan. Maps.
650 _aBRIDGES
650 _aCOPENHAGEN
650 _aDENMARK
650 _aFINGER PLAN
650 _aInfrastructure
_96246
650 _aPROPERTY-COMMERCIAL PROPERTY-OFFICE PROPERTY-OFFICE PROPERTY MARKET
650 _aOFFICE RENTS
650 _aORESUND LINK
650 _aPROPERTY-COMMERCIAL PROPERTY-RETAIL PROPERTY-RETAIL PROPERTY MARKET
650 _aRETAIL RENTS
690 _aPROPERTY-COMMERCIAL PROPERTY-COMMERCIAL PROPERTY MARKET
690 _aOVERSEAS-EUROPE
942 _n0
948 _c04/03/1997
999 _c28159
_d28159